| Tag |
First Indicator |
Second Indicator |
Subfields |
| LEADER |
00000cam a2200000 i 4500 |
| 001 |
in00000049535 |
| 005 |
20151007071753.0 |
| 008 |
800424s1957 nyua b 00110 eng d |
| 010 |
|
|
|a 57002970
|
| 035 |
|
|
|a (OCoLC)06240631
|
| 035 |
|
|
|9 AAE6610AM
|
| 040 |
|
|
|a IAB
|c IAB
|d TXA
|d UtOrBLW
|
| 049 |
|
|
|a TXAM [Also in] [Med Sci]
|c 1 [283642]
|
| 050 |
|
0 |
|a QH324
|b .C85
|
| 092 |
|
|
|a 574.19072
|b C874e
|
| 100 |
1 |
|
|a Cowgill, Robert W.
|q (Robert Warren),
|d 1920-
|
| 245 |
1 |
0 |
|a Experiments in biochemical research techniques /
|c Robert W. Cowgill, and Arthur B. Pardee.
|
| 264 |
|
1 |
|a New York :
|b Wiley,
|c [1957]
|
| 264 |
|
4 |
|c ©1957
|
| 300 |
|
|
|a 189 pages :
|b illustrations ;
|c 24 cm.
|
| 336 |
|
|
|a text
|b txt
|2 rdacontent
|
| 337 |
|
|
|a unmediated
|b n
|2 rdamedia
|
| 338 |
|
|
|a volume
|b nc
|2 rdacarrier
|
| 504 |
|
|
|a Includes bibliographies.
|
| 650 |
|
0 |
|a Biochemistry
|x Research.
|
| 700 |
1 |
|
|a Pardee, Arthur Beck,
|d 1913-
|
| 999 |
|
|
|a MARS
|
| 999 |
f |
f |
|s 176fb16a-0207-3ea6-a90d-7c7c9beb43d2
|i de062b4c-3bca-3212-b7a9-8376eb2a8d95
|t 0
|
| 952 |
f |
f |
|p ric
|a Texas A&M University
|b Rellis Campus
|c Joint Library Facility
|d Remote Storage
|t 0
|e QH324 .C85
|h Library of Congress classification
|i unmediated -- volume
|m A14800973519
|
| 998 |
f |
f |
|a QH324 .C85
|t 0
|l Remote Storage
|